000 00314 a2200157 4500
001 57334
020 _a8526258486
040 _cAnchieta - Pituba
100 _aRodrigues, Sonia
240 1 0 _aMedéia
_lpor
245 1 0 _aMedéia
300 _a48
362 0 _a2005
650 4 _aLiteratura juvenil
942 _cBK
999 _c57334
_d57334